Moderní technologie řízení 1 Řízení a moderní metodologické disciplíny

Salvato in:
Dettagli Bibliografici
Autore principale: Ter-Manuelianc, Antonín
Natura: Libro
Lingua:ceco
Pubblicazione: Praha Institut řízení 1990
Edizione:1. vyd.
Tags: Aggiungi Tag
Nessun Tag, puoi essere il primo ad aggiungerne!!

MARC

LEADER 00000nam a2200000 4500
001 c022413
005 20221215120228.2
041 0 |a cze 
044 |a CZ 
245 1 0 |a Moderní technologie řízení 1  |b Řízení a moderní metodologické disciplíny  |c Antonín Ter-Manuelianc 
250 |a 1. vyd. 
264 1 |a Praha  |b Institut řízení  |c 1990 
300 |a 167 s. 
100 1 |a Ter-Manuelianc, Antonín